000 00526nam a2200157 u 4500
001 000020967
005 20200930011212.0
008 100825s1984 dr r 001 0 spa d
040 _aDO-SdBNP
_bspa
_cBNPHU
082 _axxxx
_bG633e
245 0 0 _aEconomía política e investigación social /
_cLuis Gómez ; introducción Josefina Padilla.
260 _a[Santo Domingo] :
_b[Universidad Autónoma de Santo Domingo],
_c1984.
300 _a320 p. ;
_c21 cm.
700 1 _aPadilla, Josefina
_920425
700 1 _aGómez, Luis
_99238
999 _c20470
_d20470